000 00325nam a2200133Ia 4500
008 191201s2006 xx 000 0 und d
082 _a621.38043
_bGHS
100 _aGHOSH, Samarjit
245 0 _aSignal and Systems
260 _aN.Delhi
_bPearson Education
_c2006
300 _a474
650 _aB.Tech(ECE)
942 _2ddc
_cBK
999 _c3280
_d3280